[Event "TCh-FRA Top 12 2019"]
[Site "Brest FRA"]
[Date "2019.05.22"]
[Round "5.5"]
[Board "6"]
[White "Degraeve, Jean-Marc"]
[Black "Wirig, Anthony"]
[Result "1-0"]
[WhiteTitle "GM"]
[BlackTitle "GM"]
[WhiteElo "2546"]
[BlackElo "2516"]
[WhiteTeam "Asnieres - Le Grand Echiquier"]
[BlackTeam "Grasse Echecs"]
[WhiteFideId "600270"]
[BlackFideId "615013"]
[EventDate "2019.05.18"]

1. e4 c5 2. Nf3 e6 3. g3 Nc6 4. Bg2 Nf6 5. Qe2 e5 6. O-O Be7 7. c3 O-O 8. Na3
Re8 9. d3 h6 10. Nc4 Bf8 11. a4 d6 12. Nfd2 Bg4 13. f3 Be6 14. f4 exf4 15. gxf4
d5 16. Ne3 d4 17. Nec4 Bg4 18. Bf3 Bh3 19. Rd1 dxc3 20. bxc3 Nd5 21. Nb1 Nb6 22.
Ne3 Bd7 23. a5 Nc8 24. a6 bxa6 25. Qg2 Rb8 26. Nd2 Nb6 27. e5 Qc8 28. Ne4 Kh8
29. Kh1 Re6 30. Qa2 Nd8 31. d4 cxd4 32. cxd4 Ba4 33. Rd2 Rc6 34. Ba3 Bb3 35.
Qxb3 Nc4 36. Qd3 Nxa3 37. Rxa3 Bxa3 38. Qxa3 Qh3 39. Qf8+ Kh7 40. Ng3 Rc1+ 41.
Nd1 g6 42. f5 gxf5 43. Rg2 Rbb1 44. Nf1 1-0

[Event "TCh-FRA Top 12 2019"]
[Site "Brest FRA"]
[Date "2019.05.22"]
[Round "5.5"]
[Board "7"]
[White "Loiseau, Quentin"]
[Black "Gurevich, Mikhail"]
[Result "1/2-1/2"]
[WhiteTitle "IM"]
[BlackTitle "GM"]
[WhiteElo "2471"]
[BlackElo "2566"]
[WhiteTeam "Grasse Echecs"]
[BlackTeam "Asnieres - Le Grand Echiquier"]
[WhiteFideId "665274"]
[BlackFideId "200930"]
[EventDate "2019.05.18"]

1. Nf3 d6 2. d4 g6 3. c4 f5 4. g3 Nf6 5. Bg2 Bg7 6. O-O O-O 7. Nc3 Nc6 8. d5 Na5
9. Qd3 e5 10. dxe6 Bxe6 11. b3 Nc6 12. Ng5 Bd7 13. Bb2 h6 14. Nf3 Ne4 15. Rac1
Nb4 16. Qb1 Nxc3 17. Bxc3 Bxc3 18. Rxc3 Qf6 19. Rcc1 Bc6 20. Qa1 a5 1/2-1/2

[Event "TCh-FRA Top 12 2019"]
[Site "Brest FRA"]
[Date "2019.05.22"]
[Round "5.5"]
[Board "8"]
[White "Skripchenko, Almira"]
[Black "Milliet, Sophie"]
[Result "1/2-1/2"]
[WhiteTitle "IM"]
[BlackTitle "IM"]
[WhiteElo "2406"]
[BlackElo "2400"]
[WhiteTeam "Asnieres - Le Grand Echiquier"]
[BlackTeam "Grasse Echecs"]
[WhiteFideId "13900145"]
[BlackFideId "623725"]
[EventDate "2019.05.18"]

1. e4 c5 2. Nf3 d6 3. Bb5+ Nd7 4. d4 cxd4 5. Qxd4 a6 6. Bxd7+ Bxd7 7. c4 Rc8 8.
Nc3 e5 9. Qd3 Qc7 10. b3 b5 11. Nd5 Qc6 12. Nd2 Ne7 13. Ne3 Ng6 14. Nd5 Ne7 15.
Ne3 Ng6 16. Nd5 Ne7 1/2-1/2

[Event "TCh-FRA Top 12 2019"]
[Site "Brest FRA"]
[Date "2019.05.22"]
[Round "5.6"]
[Board "1"]
[White "Velten, Paul"]
[Black "Fedorov, Alexei"]
[Result "1-0"]
[WhiteTitle "GM"]
[BlackTitle "GM"]
[WhiteElo "2507"]
[BlackElo "2566"]
[WhiteTeam "T H F Saint-Quentin"]
[BlackTeam "Gonfreville l'Orcher"]
[WhiteFideId "681091"]
[BlackFideId "13500465"]
[EventDate "2019.05.18"]

1. d4 Nf6 2. c4 g6 3. Nc3 Bg7 4. e4 d6 5. Be2 O-O 6. Nf3 c5 7. O-O Nc6 8. d5 Na5
9. Ne1 e5 10. b3 Ne8 11. Bd2 f5 12. exf5 gxf5 13. g3 b6 14. Ng2 Nb7 15. Kh1 Nf6
16. f3 Bd7 17. g4 e4 18. gxf5 Bxf5 19. Ne3 Bh3 20. Rg1 exf3 21. Bxf3 Kh8 22. Qe1
Qe7 23. Rxg7 Qxg7 24. Qh4 Ng4 25. Bxg4 Bxg4 26. Qxg4 Qd4 27. Rd1 Rf2 28. Nb5
Qxg4 29. Nxg4 1-0

[Event "TCh-FRA Top 12 2019"]
[Site "Brest FRA"]
[Date "2019.05.22"]
[Round "5.6"]
[Board "2"]
[White "Vallin, Guillaume"]
[Black "Chabanon, Jean-Luc"]
[Result "1/2-1/2"]
[WhiteTitle "IM"]
[BlackTitle "GM"]
[WhiteElo "2389"]
[BlackElo "2437"]
[WhiteTeam "Gonfreville l'Orcher"]
[BlackTeam "T H F Saint-Quentin"]
[WhiteFideId "614823"]
[BlackFideId "600075"]
[EventDate "2019.05.18"]

1. c4 e6 2. Nf3 d5 3. e3 Nf6 4. b3 Be7 5. Bb2 O-O 6. Be2 c5 7. O-O Nc6 8. d4
cxd4 9. exd4 b6 10. Nbd2 Bb7 11. Rc1 Rc8 12. Bd3 dxc4 13. bxc4 Rc7 14. Re1 Rd7
15. Bb1 Bb4 16. a3 Ba5 17. Re3 Ng4 18. Rd3 Nce5 19. Nxe5 Nxe5 20. Rh3 Ng6 21.
Qh5 h6 22. Qd1 1/2-1/2

[Event "TCh-FRA Top 12 2019"]
[Site "Brest FRA"]
[Date "2019.05.22"]
[Round "5.6"]
[Board "3"]
[White "Godart, Francois"]
[Black "Payen, Arnaud"]
[Result "1-0"]
[WhiteTitle "IM"]
[BlackTitle "IM"]
[WhiteElo "2419"]
[BlackElo "2358"]
[WhiteTeam "T H F Saint-Quentin"]
[BlackTeam "Gonfreville l'Orcher"]
[WhiteFideId "208078"]
[BlackFideId "600814"]
[EventDate "2019.05.18"]

1. e4 Nf6 2. e5 Nd5 3. d4 d6 4. c4 Nb6 5. exd6 exd6 6. Nc3 Be7 7. Bd3 Nc6 8.
Nge2 Bg4 9. Be3 Bh5 10. O-O Bf6 11. Qd2 Bg6 12. Nf4 Bxd3 13. Qxd3 O-O 14. Nh5
Bh4 15. Rad1 g6 16. Nf4 Bf6 17. b3 Bg7 18. a3 Re8 19. c5 Nd7 20. cxd6 cxd6 21.
Nfd5 Nb6 22. Nxb6 axb6 23. a4 d5 24. Nb5 Rc8 25. Qd2 Re6 26. Rfe1 Qe7 27. Bg5
Bf6 28. Rxe6 Qxe6 29. Bxf6 Qxf6 30. Re1 h5 31. h3 Kg7 32. Re3 Qf4 33. g3 Qf5 34.
Nd6 Qxh3 35. Nxc8 Qxc8 36. Rf3 Qg4 37. Qf4 Qxf4 38. Rxf4 f5 39. Rf3 Kf6 40. Rd3
f4 41. b4 Kf5 42. b5 Na5 43. gxf4 Nc4 44. Rg3 Nb2 45. Rg5+ Ke4 46. Rxg6 Nxa4 47.
Rf6 h4 48. Kg2 Kxd4 49. Re6 Nc3 50. f5 1-0

[Event "TCh-FRA Top 12 2019"]
[Site "Brest FRA"]
[Date "2019.05.22"]
[Round "5.6"]
[Board "4"]
[White "Miezis, Normunds"]
[Black "Cossin, Sebastien"]
[Result "1/2-1/2"]
[WhiteTitle "GM"]
[BlackTitle "IM"]
[WhiteElo "2456"]
[BlackElo "2494"]
[WhiteTeam "Gonfreville l'Orcher"]
[BlackTeam "T H F Saint-Quentin"]
[WhiteFideId "11600136"]
[BlackFideId "618802"]
[EventDate "2019.05.18"]

1. c4 e5 2. Nc3 Nc6 3. Nf3 Nf6 4. g3 Bb4 5. Bg2 O-O 6. O-O e4 7. Ng5 Bxc3 8.
bxc3 Re8 9. d3 exd3 10. exd3 h6 11. Nf3 d6 12. Nd4 Ne5 13. f4 Ng6 14. h3 c5 15.
Nb3 d5 16. Nxc5 dxc4 17. d4 Nd5 18. Qf3 Nge7 19. f5 Bxf5 20. Nxb7 Qb6 21. Nc5
Rac8 22. g4 Bg6 23. Rf2 f6 24. h4 Bf7 25. Bd2 Ng6 26. Qg3 Qb8 27. Qxb8 Rxb8 28.
h5 Nf8 29. Ne4 Red8 30. Raf1 Rb6 31. g5 hxg5 32. h6 gxh6 33. Nxf6+ Nxf6 34. Rxf6
Rxf6 35. Rxf6 Kg7 36. Ra6 Rd7 37. Ra5 Ng6 38. Bc6 Rc7 39. Bf3 Ne7 40. Be1 Rd7
41. Bg4 Rb7 42. Bf3 Rd7 43. Bg4 Rb7 44. Bf3 Rd7 1/2-1/2

[Event "TCh-FRA Top 12 2019"]
[Site "Brest FRA"]
[Date "2019.05.22"]
[Round "5.6"]
[Board "5"]
[White "Marcelin, Cyril"]
[Black "Lefebvre, Herve"]
[Result "1/2-1/2"]
[WhiteTitle "GM"]
[BlackTitle "FM"]
[WhiteElo "2451"]
[BlackElo "2291"]
[WhiteTeam "T H F Saint-Quentin"]
[BlackTeam "Gonfreville l'Orcher"]
[WhiteFideId "607274"]
[BlackFideId "607363"]
[EventDate "2019.05.18"]

1. d4 d5 2. Nf3 Nf6 3. Bf4 c5 4. e3 Nc6 5. c3 Qb6 6. Qb3 c4 7. Qc2 Bf5 8. Qc1 h6
9. Nbd2 e6 10. Be2 Be7 11. O-O O-O 12. b3 cxb3 13. axb3 Rfc8 14. Qb2 a5 15. Ra2
Ne4 16. Nxe4 Bxe4 17. Rfa1 Qd8 18. Nd2 Bg6 19. Ra4 Nb4 1/2-1/2

[Event "TCh-FRA Top 12 2019"]
[Site "Brest FRA"]
[Date "2019.05.22"]
[Round "5.6"]
[Board "6"]
[White "Charmeteau, Sven"]
[Black "Colin, Vincent"]
[Result "1-0"]
[WhiteTitle "FM"]
[BlackTitle "IM"]
[WhiteElo "2292"]
[BlackElo "2383"]
[WhiteTeam "Gonfreville l'Orcher"]
[BlackTeam "T H F Saint-Quentin"]
[WhiteFideId "638285"]
[BlackFideId "612324"]
[EventDate "2019.05.18"]

1. e4 c5 2. Nf3 Nc6 3. d4 cxd4 4. Nxd4 g6 5. Nc3 Bg7 6. Be3 Nf6 7. Bc4 O-O 8.
Bb3 Re8 9. h3 d6 10. O-O Na5 11. Qd3 a6 12. Rad1 Qc7 13. f4 Nxb3 14. axb3 b5 15.
f5 Bb7 16. Nd5 Nxd5 17. exd5 Rac8 18. c3 Qd7 19. c4 bxc4 20. bxc4 a5 21. fxg6
hxg6 22. Ne6 Bxb2 23. Bd4 Bxd4+ 24. Qxd4 fxe6 25. Qg4 Rf8 26. Qxg6+ Kh8 27. Rd4
Rxf1+ 28. Kh2 Rxc4 29. Rxc4 1-0

[Event "TCh-FRA Top 12 2019"]
[Site "Brest FRA"]
[Date "2019.05.23"]
[Round "6.1"]
[Board "1"]
[White "Bailet, Pierre"]
[Black "Malakhov, Vladimir"]
[Result "1/2-1/2"]
[WhiteTitle "IM"]
[BlackTitle "GM"]
[WhiteElo "2466"]
[BlackElo "2660"]
[WhiteTeam "Vandoeuvre-Echecs"]
[BlackTeam "Club d'Echecs Metz Fischer"]
[WhiteFideId "655830"]
[BlackFideId "4120787"]
[EventDate "2019.05.18"]

1. e4 d6 2. d4 Nf6 3. Nc3 g6 4. f4 Bg7 5. Nf3 O-O 6. Bd3 Bg4 7. h3 Bxf3 8. Qxf3
Nc6 9. Be3 e5 10. dxe5 dxe5 11. f5 Nd4 12. Qf2 c6 13. O-O-O Nh5 14. Be2 Nxe2+
15. Nxe2 Qa5 16. Kb1 Rfd8 17. g4 Nf4 18. Nxf4 exf4 19. Bxf4 Bxb2 20. Kxb2 Qb4+
21. Kc1 Qa3+ 1/2-1/2

[Event "TCh-FRA Top 12 2019"]
[Site "Brest FRA"]
[Date "2019.05.23"]
[Round "6.1"]
[Board "3"]
[White "Brunner, Nicolas"]
[Black "Feller, Sebastien"]
[Result "1/2-1/2"]
[WhiteTitle "IM"]
[BlackTitle "GM"]
[WhiteElo "2422"]
[BlackElo "2587"]
[WhiteTeam "Vandoeuvre-Echecs"]
[BlackTeam "Club d'Echecs Metz Fischer"]
[WhiteFideId "620246"]
[BlackFideId "634654"]
[EventDate "2019.05.18"]

1. d4 Nf6 2. c4 g6 3. Nc3 Bg7 4. e4 d6 5. Nf3 O-O 6. Be2 e5 7. dxe5 dxe5 8. Qxd8
Rxd8 9. Bg5 Re8 10. Nd5 Nxd5 11. cxd5 c6 12. Bc4 cxd5 13. Bxd5 Nd7 14. Nd2 Nc5
15. O-O-O Be6 16. Bxe6 Nxe6 17. Be3 Bf8 18. Kb1 Bc5 19. Nc4 Bxe3 20. Nxe3 Kg7 1/2-1/2

[Event "TCh-FRA Top 12 2019"]
[Site "Brest FRA"]
[Date "2019.05.23"]
[Round "6.1"]
[Board "4"]
[White "Fedorchuk, Sergey A."]
[Black "Savina, Anastasia"]
[Result "1-0"]
[WhiteTitle "GM"]
[BlackTitle "IM"]
[WhiteElo "2620"]
[BlackElo "2353"]
[WhiteTeam "Club d'Echecs Metz Fischer"]
[BlackTeam "Vandoeuvre-Echecs"]
[WhiteFideId "14102536"]
[BlackFideId "4196872"]
[EventDate "2019.05.18"]

1. e4 c5 2. Nf3 Nc6 3. Bb5 g6 4. Bxc6 dxc6 5. d3 Bg7 6. Nbd2 Nf6 7. Nc4 Be6 8.
Ne3 c4 9. Ng5 Qa5+ 10. Kf1 cxd3 11. Nxe6 fxe6 12. cxd3 Rd8 13. Nc4 Qa6 14. Qe2
Nd7 15. Be3 Ne5 16. Nxe5 Bxe5 17. Rd1 O-O 18. b3 Bd4 19. Bxd4 Rxd4 20. h4 Rf4
21. Ke1 Qa5+ 22. Rd2 Qe5 23. Kf1 Qf6 24. g3 1-0

[Event "TCh-FRA Top 12 2019"]
[Site "Brest FRA"]
[Date "2019.05.23"]
[Round "6.1"]
[Board "5"]
[White "Nezar, Mustapha"]
[Black "Balogh, Csaba"]
[Result "1/2-1/2"]
[WhiteTitle "IM"]
[BlackTitle "GM"]
[WhiteElo "2339"]
[BlackElo "2598"]
[WhiteTeam "Vandoeuvre-Echecs"]
[BlackTeam "Club d'Echecs Metz Fischer"]
[WhiteFideId "608637"]
[BlackFideId "718939"]
[EventDate "2019.05.18"]

1. d4 Nf6 2. c4 e6 3. Nc3 Bb4 4. Qc2 b6 5. e4 c5 6. d5 Qe7 7. Ne2 exd5 8. exd5
O-O 9. Bd2 d6 10. h3 Bxc3 11. Qxc3 Ne4 12. Qe3 Re8 13. O-O-O Bf5 14. f3 Nxd2 15.
Qxe7 Rxe7 16. Kxd2 1/2-1/2

[Event "TCh-FRA Top 12 2019"]
[Site "Brest FRA"]
[Date "2019.05.23"]
[Round "6.1"]
[Board "6"]
[White "Vitoux, Colomban"]
[Black "Iglesias, Joachim"]
[Result "1/2-1/2"]
[WhiteTitle "IM"]
[BlackTitle "FM"]
[WhiteElo "2384"]
[BlackElo "2276"]
[WhiteTeam "Club d'Echecs Metz Fischer"]
[BlackTeam "Vandoeuvre-Echecs"]
[WhiteFideId "628549"]
[BlackFideId "637823"]
[EventDate "2019.05.18"]

1. e4 g6 2. d4 Bg7 3. Nc3 c6 4. g3 d5 5. Nge2 dxe4 6. Nxe4 Nf6 7. Nxf6+ exf6 8.
Bg2 O-O 9. O-O Be6 10. Nf4 f5 11. c3 Re8 12. Re1 Na6 13. h4 Qd7 14. Bd2 Nc7 15.
Qa4 a5 16. Nd3 b5 17. Qc2 Bd5 18. Nc5 Qd8 19. Rxe8+ Nxe8 20. Bg5 f6 21. Bf4 Bxg2
22. Kxg2 Qd5+ 23. f3 Bf8 24. Qb3 Qxb3 25. Nxb3 a4 26. Nd2 Bd6 27. Bxd6 Nxd6 28.
Re1 Kf7 29. Re2 Nc4 30. Nb1 h5 31. Kf2 g5 32. Ke1 f4 33. gxf4 gxh4 34. Kf1 Kg6
35. Rh2 Re8 36. b3 Ne3+ 37. Kf2 Nd1+ 38. Kf1 Ne3+ 39. Kf2 Nd1+ 40. Kf1 1/2-1/2

[Event "TCh-FRA Top 12 2019"]
[Site "Brest FRA"]
[Date "2019.05.23"]
[Round "6.1"]
[Board "7"]
[White "Choisy, Mathilde"]
[Black "Terrieux, Kevin"]
[Result "1/2-1/2"]
[WhiteTitle "WFM"]
[BlackTitle "IM"]
[WhiteElo "2113"]
[BlackElo "2455"]
[WhiteTeam "Vandoeuvre-Echecs"]
[BlackTeam "Club d'Echecs Metz Fischer"]
[WhiteFideId "634565"]
[BlackFideId "622591"]
[EventDate "2019.05.18"]

1. e4 c5 2. Nf3 e6 3. b3 Nc6 4. Bb2 a6 5. c4 Nf6 6. e5 Ng4 7. h3 Nh6 8. Bd3 d6
9. exd6 f6 10. Be4 Bxd6 11. d4 cxd4 12. Bxc6+ bxc6 13. Nxd4 Qc7 14. O-O O-O 15.
Nc3 e5 16. Nc2 Bf5 17. Na4 Nf7 18. c5 Be7 19. Ne3 Rad8 20. Qc1 Be6 21. Qc2 Ng5
22. h4 Nf7 23. Rad1 Rb8 24. Bc3 g6 25. h5 f5 26. hxg6 hxg6 27. Qe2 Bf6 28. Nc4
Bxc4 29. Qxc4 Kg7 30. Nb6 Rbd8 31. Qxa6 Rh8 32. Rxd8 Qxd8 33. Qe2 Qg8 34. f4 Qh7
35. Qf3 Qh2+ 36. Kf2 Nh6 37. Nd7 Ng4+ 38. Ke2 e4 39. Bxf6+ Nxf6 40. Qc3 Qxg2+
41. Ke1 Kh6 42. Qxf6 Qg3+ 43. Ke2 Qd3+ 44. Ke1 Qe3+ 45. Kd1 Qd3+ 46. Ke1 Qe3+
47. Kd1 Qd3+ 1/2-1/2

[Event "TCh-FRA Top 12 2019"]
[Site "Brest FRA"]
[Date "2019.05.23"]
[Round "6.1"]
[Board "8"]
[White "Monpeurt, Cyrielle"]
[Black "Steil-Antoni, Fiona"]
[Result "1/2-1/2"]
[WhiteTitle "WFM"]
[BlackTitle "WIM"]
[WhiteElo "2166"]
[BlackElo "2156"]
[WhiteTeam "Club d'Echecs Metz Fischer"]
[BlackTeam "Vandoeuvre-Echecs"]
[WhiteFideId "677400"]
[BlackFideId "4001249"]
[EventDate "2019.05.18"]

1. e4 c6 2. Nc3 d5 3. Nf3 dxe4 4. Nxe4 Nf6 5. Nxf6+ exf6 6. Bc4 Bd6 7. O-O O-O
8. h3 Nd7 9. d4 Re8 10. Bd3 Nf8 11. c3 Be6 12. Re1 Qd7 13. Be3 Ng6 14. Bf1 Nf4
15. Nd2 Nd5 16. Ne4 Nxe3 17. Rxe3 Bc7 18. Nc5 Qd6 19. g3 Rab8 20. Qe2 Kf8 21.
Re1 Bd7 22. Qh5 Kg8 23. Bc4 g6 24. Qh6 Rxe3 25. Rxe3 Bf5 26. Ne4 Bxe4 27. Rxe4
Qf8 28. Qe3 Bd6 29. Qf3 f5 30. Re2 Re8 31. Kg2 Rxe2 32. Qxe2 Qe7 33. Qxe7 1/2-1/2

[Event "TCh-FRA Top 12 2019"]
[Site "Brest FRA"]
[Date "2019.05.23"]
[Round "6.2"]
[Board "2"]
[White "Oparin, Grigoriy"]
[Black "Kosten, Anthony C."]
[Result "1-0"]
[WhiteTitle "GM"]
[BlackTitle "GM"]
[WhiteElo "2624"]
[BlackElo "2419"]
[WhiteTeam "Asnieres - Le Grand Echiquier"]
[BlackTeam "C.E.M.C. Monaco"]
[WhiteFideId "24125890"]
[BlackFideId "400114"]
[EventDate "2019.05.18"]

1. d4 Nf6 2. c4 e6 3. Nf3 Bb4+ 4. Nbd2 b6 5. a3 Bxd2+ 6. Qxd2 Bb7 7. e3 O-O 8.
Be2 a5 9. b3 d6 10. Bb2 Nbd7 11. O-O Qe7 12. Rad1 Rfd8 13. Qc2 c5 14. Nd2 cxd4
15. Bxd4 e5 16. Bb2 Rac8 17. Qf5 Nf8 18. f3 Ng6 19. Rfe1 Rc5 20. Qb1 Rc7 21. Nf1
Nh4 22. Ng3 Nd7 23. e4 Nc5 24. Bc1 Bc6 25. Be3 Rb7 26. b4 axb4 27. axb4 Ne6 28.
Qb2 Qf6 29. b5 Be8 30. Bf1 Rdd7 31. Qf2 Qd8 32. Rd2 f6 33. Red1 Bf7 34. Ne2 f5
35. g3 f4 36. Bxf4 Nxf3+ 37. Qxf3 exf4 38. gxf4 Nc5 39. Bh3 Be6 40. Bxe6+ Nxe6
41. Nd4 Qf6 42. Nxe6 Qxe6 43. Rd5 Ra7 44. e5 dxe5 45. fxe5 Rxd5 46. Qxd5 Kf7 47.
Kh1 Re7 48. Qf3+ Ke8 49. Qa8+ Kf7 50. Rf1+ Kg6 51. Qe4+ Kh6 52. Qe3+ g5 53. Rf6+
Qxf6 54. Qh3+ 1-0

[Event "TCh-FRA Top 12 2019"]
[Site "Brest FRA"]
[Date "2019.05.23"]
[Round "6.2"]
[Board "3"]
[White "Efimov, Igor"]
[Black "Moussard, Jules"]
[Result "1/2-1/2"]
[WhiteTitle "GM"]
[BlackTitle "GM"]
[WhiteElo "2439"]
[BlackElo "2583"]
[WhiteTeam "C.E.M.C. Monaco"]
[BlackTeam "Asnieres - Le Grand Echiquier"]
[WhiteFideId "806404"]
[BlackFideId "642908"]
[EventDate "2019.05.18"]

1. d4 Nf6 2. c4 g6 3. Nc3 d5 4. Nf3 Bg7 5. e3 O-O 6. Bd2 c6 7. Rc1 Ne4 8. cxd5
Nxd2 9. Qxd2 cxd5 10. Ne5 Nd7 11. Nxd7 Qxd7 12. Be2 e6 13. O-O b6 14. Rc2 Bb7
15. Rfc1 Rfc8 16. f4 h5 17. h4 Bf6 18. g3 Kg7 19. Nd1 Rxc2 20. Rxc2 Rc8 21. Qc1
Rxc2 22. Qxc2 Be7 23. a3 e5 24. Bf3 exd4 25. exd4 Bf6 26. Qc3 Qh3 27. Bg2 Qd7
28. Ne3 Kh7 29. Kh2 Bg7 30. Bh3 Qd6 31. b4 Qc6 32. Qd3 Qf6 33. Nc2 a6 34. Bg2
Qd6 35. Ne3 f5 36. Qc3 Kh6 37. Nc2 Qc6 38. Qd3 Qe8 39. Ne3 Qe6 40. Nc2 Qe8 41.
Ne3 1/2-1/2

[Event "TCh-FRA Top 12 2019"]
[Site "Brest FRA"]
[Date "2019.05.23"]
[Round "6.2"]
[Board "4"]
[White "Gozzoli, Yannick"]
[Black "Ribbegren, Karl Johan"]
[Result "1-0"]
[WhiteTitle "GM"]
[WhiteElo "2622"]
[BlackElo "2209"]
[WhiteTeam "Asnieres - Le Grand Echiquier"]
[BlackTeam "C.E.M.C. Monaco"]
[WhiteFideId "616915"]
[BlackFideId "5400040"]
[EventDate "2019.05.18"]

1. d4 Nf6 2. c4 c5 3. d5 e5 4. Nc3 d6 5. e4 Nbd7 6. h4 h5 7. g3 Be7 8. Nh3 a6 9.
a4 Nf8 10. Be2 Bd7 11. Bd2 Bxh3 12. Rxh3 Qd7 13. Rh1 Ng4 14. Bf1 g6 15. Bh3 f5
16. f3 Nh6 17. Qc1 Nf7 18. Qc2 Nh6 19. Bxh6 Rxh6 20. exf5 Qd8 21. Ne4 Qa5+ 22.
Ke2 gxf5 23. Bxf5 Nd7 24. g4 O-O-O 25. g5 Rhh8 26. Be6 Kc7 27. Rhg1 Bf8 28. Ng3
e4 29. f4 Bg7 30. Nxe4 Bd4 31. Rgf1 1-0

[Event "TCh-FRA Top 12 2019"]
[Site "Brest FRA"]
[Date "2019.05.23"]
[Round "6.2"]
[Board "6"]
[White "Vaisser, Anatoli"]
[Black "Leconte, Maria"]
[Result "1-0"]
[WhiteTitle "GM"]
[BlackTitle "WGM"]
[WhiteElo "2494"]
[BlackElo "2246"]
[WhiteTeam "Asnieres - Le Grand Echiquier"]
[BlackTeam "C.E.M.C. Monaco"]
[WhiteFideId "603252"]
[BlackFideId "618446"]
[EventDate "2019.05.18"]

1. d4 Nf6 2. c4 e6 3. Nc3 Bb4 4. e3 c6 5. Bd3 d6 6. Ne2 e5 7. O-O O-O 8. Ng3 Re8
9. Qc2 Nbd7 10. a3 Ba5 11. b4 Bc7 12. d5 Nf8 13. Rd1 Bg4 14. f3 Bd7 15. Nge4
Nxe4 16. Bxe4 Qh4 17. dxc6 Bxc6 18. Nd5 Rac8 19. Bd2 Bd8 20. Be1 Qh6 21. Qd3 Ne6
22. Bf2 Ba4 23. Rdc1 b5 24. cxb5 Rxc1+ 25. Rxc1 Nd4 26. Nc3 Bb3 27. Bd5 Bxd5 28.
Nxd5 Qg5 29. Kf1 Nf5 30. Qe4 h5 31. Rc8 Rf8 32. Rxd8 Rxd8 33. Qxf5 Qxf5 34. Ne7+
Kf8 35. Nxf5 g6 36. Ng3 d5 37. Ke1 Rb8 38. Ne2 Rxb5 39. Nc3 Rb6 40. Kd2 Rd6 41.
Kc2 Ke7 42. e4 d4 43. Nd5+ Kd7 44. b5 g5 45. Bg3 f6 46. h4 g4 47. f4 Re6 48. Kd3
a6 49. a4 axb5 50. axb5 Kc8 51. f5 Rd6 52. Be1 Kb7 53. Bb4 Rd8 54. Nxf6 Kb6 55.
Nd5+ Kxb5 56. f6 Rd7 57. Be7 1-0

[Event "TCh-FRA Top 12 2019"]
[Site "Brest FRA"]
[Date "2019.05.23"]
[Round "6.3"]
[Board "2"]
[White "Hamdouchi, Hicham"]
[Black "Bauer, Christian"]
[Result "1/2-1/2"]
[WhiteTitle "GM"]
[BlackTitle "GM"]
[WhiteElo "2584"]
[BlackElo "2643"]
[WhiteTeam "Clichy-Echecs-92"]
[BlackTeam "Nice Alekhine"]
[WhiteFideId "9000011"]
[BlackFideId "603767"]
[EventDate "2019.05.18"]

1. Nf3 d5 2. d4 Nf6 3. c4 dxc4 4. e3 e6 5. Bxc4 c5 6. O-O Nc6 7. Qe2 cxd4 8. Rd1
Be7 9. Nxd4 Nxd4 10. exd4 O-O 11. Nc3 Nd5 12. Qf3 Nxc3 13. bxc3 Qc7 14. Bb3 Bd6
15. h3 1/2-1/2

[Event "TCh-FRA Top 12 2019"]
[Site "Brest FRA"]
[Date "2019.05.23"]
[Round "6.3"]
[Board "4"]
[White "Tregubov, Pavel V."]
[Black "Gharamian, Tigran"]
[Result "1/2-1/2"]
[WhiteTitle "GM"]
[BlackTitle "GM"]
[WhiteElo "2586"]
[BlackElo "2602"]
[WhiteTeam "Clichy-Echecs-92"]
[BlackTeam "Nice Alekhine"]
[WhiteFideId "4115341"]
[BlackFideId "13301527"]
[EventDate "2019.05.18"]

1. c4 Nf6 2. Nc3 e6 3. e4 d5 4. e5 d4 5. exf6 dxc3 6. bxc3 Qxf6 7. Nf3 b6 8. g3
Bb7 9. Bg2 Qd8 10. d4 Be7 11. a4 O-O 12. a5 Qc8 13. Qa4 Bc6 14. Qa2 Nd7 15. O-O
Rb8 16. Re1 Bf6 17. Bf4 Ba8 18. Qc2 b5 19. Nd2 Bxg2 20. Kxg2 bxc4 21. Nxc4 Rb5
22. a6 Nb6 23. Qd3 Nd5 24. Bd2 c5 25. Kg1 Rb3 26. Na5 Rb6 1/2-1/2

[Event "TCh-FRA Top 12 2019"]
[Site "Brest FRA"]
[Date "2019.05.23"]
[Round "6.3"]
[Board "5"]
[White "Wagner, Dennis"]
[Black "Van Foreest, Jorden"]
[Result "1/2-1/2"]
[WhiteTitle "GM"]
[BlackTitle "GM"]
[WhiteElo "2578"]
[BlackElo "2601"]
[WhiteTeam "Nice Alekhine"]
[BlackTeam "Clichy-Echecs-92"]
[WhiteFideId "24650684"]
[BlackFideId "1039784"]
[EventDate "2019.05.18"]

1. Nf3 Nf6 2. c4 g6 3. Nc3 Bg7 4. d4 d5 5. cxd5 Nxd5 6. e4 Nxc3 7. bxc3 c5 8. h3
O-O 9. Be3 Nc6 10. Be2 cxd4 11. cxd4 Qa5+ 12. Bd2 Qa3 13. d5 Ne5 14. Nxe5 Bxe5
15. Rb1 Qxa2 16. O-O a5 17. Bh6 Rd8 18. f4 Bc3 19. f5 Bd7 20. Bg4 Ra6 21. Qd3
Bb4 22. Qd4 f6 23. e5 Bxf5 24. Bxf5 gxf5 25. d6 Qe6 26. Rf3 Qxe5 27. Qc4+ Kh8
28. Qf7 Rg8 29. Rxb4 axb4 30. dxe7 Re6 31. Re3 Qa1+ 32. Kh2 Rxe3 33. Bxe3 Qe5+
34. Kh1 Qa1+ 35. Kh2 Qe5+ 36. Kh1 h6 37. Qf8 Qxe3 38. Qxf6+ Kh7 39. Qf7+ Kh8 40.
Qf6+ Kh7 41. Qf7+ 1/2-1/2